000 00968cab a2200349 4500
001 ABS58271
008 090401t1998 xxu||||| |||| 00| 0 eng d
035 _a(Sirsi) u84610
041 _aeng
245 _aFocus `98: Wales
260 _c1998
350 _a0
490 _aEstates Gazette
_v(9809) 28 February 1998, 89-137(17)
650 _aBARRY
650 _aCARDIFF BAY
650 _aCARDIFF
650 _aINDUSTRIAL MARKET
650 _aLEISURE MARKET
650 _aLLANELLI
650 _aNORTH WALES
650 _aPROPERTY-COMMERCIAL PROPERTY-OFFICE PROPERTY-OFFICE PROPERTY MARKET
650 _aPROPERTY-COMMERCIAL PROPERTY-RETAIL PROPERTY-RETAIL PROPERTY MARKET
650 _aSOUTH WALES
650 _aSWANSEA
650 _aWALES
650 _aWELSH ASSEMBLY
650 _aWELSH DEVELOPMENT AGENCY
650 _aWREXHAM
690 _aPROPERTY-COMMERCIAL PROPERTY-COMMERCIAL PROPERTY MARKET
942 _n0
948 _c02/03/1998
999 _c53188
_d53188